Giải toán và trắc nghiệm vật lí 11 nâng cao

Sách trình bày trọng tâm giáo khoa, bài tập có lược giải, câu hỏi trắc nghiệm, luyện tập và củng cố

Saved in:
Bibliographic Details
Main Author: Bùi, Quang Hân
Format: Book
Language:Undetermined
Published: Hà Nội Giáo dục Việt Nam 2010
Subjects:
Tags: Add Tag
No Tags, Be the first to tag this record!
Institutions: Trung tâm Học liệu Trường Đại học Cần Thơ
LEADER 00856nam a2200217Ia 4500
001 CTU_185235
008 210402s9999 xx 000 0 und d
020 |c 40000 
082 |a 530.0712 
082 |b H121/T.1 
100 |a Bùi, Quang Hân 
245 0 |a Giải toán và trắc nghiệm vật lí 11 nâng cao 
245 0 |c Bùi Quang Hân, Nguyễn Duy Hiền, Nguyễn Tuyến 
260 |a Hà Nội 
260 |b Giáo dục Việt Nam 
260 |c 2010 
520 |a Sách trình bày trọng tâm giáo khoa, bài tập có lược giải, câu hỏi trắc nghiệm, luyện tập và củng cố 
650 |a Physics,Vật lý 
650 |x Study and teaching (Secondary),Dạy và học (trung học) 
904 |i Hải 
980 |a Trung tâm Học liệu Trường Đại học Cần Thơ